000
00267nam a22001097a 4500
082
_a
349.5491
_b
GEN
245
_a
The General Clauses Act, 1897 /
260
_a
Lahore :
_b
Eastern Law Book House,
_c
N.A.
300
_a
56 p. ;
_c
24 cm.
563
_a
HB.
942
_2
ddc
_c
BK
999
_c
616006
_d
616006